Tristram shandy: An Authoritative Text the Author on the Novel Criticism (Record no. 248069)

000 -LEADER
fixed length control field 00261 a2200097 4500
001 - CONTROL NUMBER
control field 12996
090 ## - LOCALLY ASSIGNED LC-TYPE CALL NUMBER (OCLC); LOCAL CALL NUMBER (RLIN)
-- 9999
-- 9999
100 ## - MAIN ENTRY--PERSONAL NAME
Personal name Sterne,L
245 ## - TITLE STATEMENT
Title Tristram shandy: An Authoritative Text the Author on the Novel Criticism
260 ## - PUBLICATION, DISTRIBUTION, ETC.
Place of publication, distribution, etc.
Name of publisher, distributor, etc. W W Norton & Company
Date of publication, distribution, etc.
942 ## - ADDED ENTRY ELEMENTS (KOHA)
Institution code [OBSOLETE] NUST-CAE
Koha item type
--
Holdings
Withdrawn status Lost status Damaged status Not for loan Collection code Permanent Location Current Location Date acquired Total Checkouts Barcode Date last seen Price effective from Koha item type
          College of Aeronautical Engineering (CAE) College of Aeronautical Engineering (CAE) 04/03/2017   CAEN-2874 04/05/2017 04/05/2017 Book
© 2023 Central Library, National University of Sciences and Technology. All Rights Reserved.